000 00299nam a22001337a 4500
008 170202b xxu||||| |||| 00| 0 eng d
020 _a9780534418205
041 _aeng
080 _26TH
_a61
100 _a3
101 _aSHM
245 _aFUNDAMENTALS OF BIOSTATISTICS
_cROSNER, B
942 _2udc
_cBK
999 _c4270
_d4270